000 005410000a22001810004500
003 MACL
005 20160513160442.0
008 160513b xxu||||| |||| 00| 0 eng d
040 _aMACL
_cMACL
041 _aHindi
082 _a891.431
100 _aडॉ जैन, शान्ति
_956868
245 _aअश्‍मा
_cडॉ शान्ति जैन
260 _aदिल्‍ली
_bसमीक्षा प्रकाशन
_c2003
350 _a175
650 _aPoem
_927793
942 _cHIN
_k891.431/JAN/P
_2ddc
999 _c48949
_d48949